Código penal
Salvato in:
| Natura: | Libro |
|---|---|
| Lingua: | spagnolo |
| Pubblicazione: |
Santiago
LexisNexis
2007
|
| Edizione: | 7a. ed |
| Soggetti: | |
| Tags: |
Aggiungi Tag
Nessun Tag, puoi essere il primo ad aggiungerne!!
|
MARC
| LEADER | 00000nam a2200000 a 4500 | ||
|---|---|---|---|
| 001 | UCI2739 | ||
| 003 | CL-VaPUC | ||
| 008 | 070907e20070000CL |||||||||||||||||spa|d | ||
| 020 | |a 9562384713 | ||
| 082 | 0 | 4 | |a 345.83 |b COD |2 21 |
| 245 | 1 | 0 | |a Código penal |
| 250 | |a 7a. ed | ||
| 300 | |a 467 p | ||
| 942 | |c BK | ||
| 945 | |d 20070907 00:00:00 |a jtorresc | ||
| 260 | |a Santiago |b LexisNexis |c 2007 | ||
| 500 | |a Incluye: Citas de Jurisprudencia. Anotaciones y concordancias. Indice temático | ||
| 500 | |a Actualizada al 16 de Febrero de 2007 | ||
| 650 | 0 | |a Código penal |9 255935 | |
| 650 | 7 | |a DERECHO PENAL CHILENO |2 CL-VaPUC |9 523914 | |
| 650 | 0 | |a Delitos |9 224143 | |
| 650 | 0 | |a Responsabilidad penal |9 254899 | |
| 650 | 0 | |a Jurisprudencia |9 255952 | |
| 583 | |a last modification |c 20070907 00:00:00 |k Rodrigo Vera | ||
| 999 | |c 327205 |d 327203 | ||
| 952 | |0 0 |1 0 |2 ddc |4 0 |6 345_830000000000000_COD_2007 |7 0 |8 FOND_LRYV |9 409740 |a BIBDER |b BIBDER |d 2019-11-22 |i 4388216 |o 345.83 COD 2007 |p 4388216 |r 2023-01-25 |w 2019-11-22 |y BK_X |k DER | ||
| 952 | |0 0 |1 0 |2 ddc |4 0 |6 345_830000000000000_COD_2007 |7 0 |8 FOND_LRYV |9 409742 |a BIBDER |b BIBDER |d 2019-11-22 |i 4388232 |o 345.83 COD 2007 |p 4388232 |r 2023-01-25 |w 2019-11-22 |y BK_X |k DER | ||